[Event "EU-chT Seniors 07th"]
[Site "Dresden"]
[Date "2005.02.25"]
[Round "8"]
[White "Kanibalotska, Elisaweta"]
[Black "Pemberton, Clive H"]
[Result "0-1"]
[WhiteElo "1669"]
[BlackElo "2025"]
[EventDate "2005.02.18"]
[PlyCount "96"]

1.Nf3 Nf6 2.g3 b6 3.Bg2 Bb7 4.O-O g6 5.c3 Bg7 6.d3 d5 7.Bg5 O-O 8.Qc1 Nbd7
9.Bh6 Re8 10.Bxg7 Kxg7 11.d4 e5 12.Nxe5 Nxe5 13.dxe5 Rxe5 14.e3 Qe7 15.h3 
c5 16.Nd2 Ba6 17.Re1 Qd6 18.c4 Rae8 19.cxd5 Nxd5 20.Nc4 Bxc4 21.Qxc4 Nf6 
22.Rad1 Qe7 23.Qd3 Qe6 24.b3 Qf5 25.g4 Qe6 26.Qc3 h5 27.gxh5 Rxh5 28.e4 
Reh8 29.Re3 Qe5 30.Qxe5 Rxe5 31.f4 Re7 32.Kf2 Rhe8 33.e5 Nh5 34.Kf3 Kh6 
35.Red3 f6 36.exf6 Nxf6 37.Kg3 Nh5+ 38.Kg4 Rf7 39.Rf1 Re2 40.Bd5 Rd7 41.
Kf3 Rh2 42.Kg4 Rxa2 43.Rfd1 Rf2 44.Bf3 Rf7 45.h4 Rxf4+ 46.Kh3 R4xf3+ 47.
Rxf3 Rxf3+ 48.Kg2 Rxb3 0-1

[Event "EU-chT Seniors 07th"]
[Site "Dresden"]
[Date "2005.02.25"]
[Round "8"]
[White "Khmiadashvili, Tamari"]
[Black "Karl, Hans"]
[Result "0-1"]
[WhiteElo "2257"]
[BlackElo "2284"]
[EventDate "2005.02.18"]
[PlyCount "144"]

1.d4 d5 2.Nf3 c6 3.c3 Nf6 4.Bf4 Bf5 5.Nh4 Bd7 6.e3 h6 7.Qb3 Qb6 8.Qxb6 
axb6 9.Bc7 b5 10.Nf3 Bf5 11.Nbd2 e6 12.Be2 Be7 13.O-O O-O 14.h3 Nbd7 15.g4
Bh7 16.Ne1 b4 17.cxb4 Bxb4 18.Nb3 Rfc8 19.Bh2 Be7 20.Nd3 b6 21.Ne5 Nxe5 
22.Bxe5 Nd7 23.Bg3 c5 24.Bb5 Ra7 25.Rfc1 c4 26.Nd2 Nf6 27.f3 Bb4 28.Nb1 
Ne8 29.Nc3 Nd6 30.Bxd6 Bxd6 31.a4 Bb4 32.Kf2 Kf8 33.Rg1 f6 34.h4 Bc2 35.
Rac1 Bd3 36.g5 fxg5 37.hxg5 h5 38.Ne2 Bxe2 39.Kxe2 g6 40.e4 Rf7 41.Rgf1 
Ke7 42.b3 c3 43.exd5 exd5 44.Bd3 Rc6 45.Kf2 Rf4 46.Ke3 Rh4 47.Bc2 Rh2 48.
f4 Re6+ 49.Kf3 Ba3 50.Ra1 Bb2 51.f5 Bxa1 52.fxe6 Rxc2 53.Rxa1 Rb2 54.Rc1 
Rxb3 55.Rc2 Kxe6 56.Ke3 Kf5 57.Kd3 Kxg5 58.Rg2+ Kh6 59.Rg1 Ra3 60.Rb1 Rxa4
61.Kxc3 Rc4+ 62.Kd3 Rc6 63.Ke3 g5 64.Kf3 Kg6 65.Kg3 Kf5 66.Re1 Rc3+ 67.Kg2
Kf4 68.Re5 Rc2+ 69.Kf1 h4 70.Rxd5 h3 71.Kg1 g4 72.Rb5 Rd2 0-1

[Event "EU-chT Seniors 07th"]
[Site "Dresden"]
[Date "2005.02.25"]
[Round "8"]
[White "Krieger, Hermann"]
[Black "Villing, Dieter"]
[Result "0-1"]
[WhiteElo "2260"]
[BlackElo "2211"]
[EventDate "2005.02.18"]
[PlyCount "50"]

1.e4 c5 2.Nf3 e6 3.d4 cxd4 4.Nxd4 Nf6 5.Nc3 Nc6 6.Ndb5 Bb4 7.a3 Bxc3+ 8.
Nxc3 d5 9.exd5 exd5 10.Bg5 Be6 11.Bd3 h6 12.Bh4 g5 13.Bg3 Qb6 14.Nb5 Kd7 
15.b4 Bg4 16.Qd2 Rae8+ 17.Kf1 Ne5 18.Bxe5 Rxe5 19.c4 dxc4 20.Bxc4+ Ke7 21.
Re1 Rxe1+ 22.Qxe1+ Be6 23.h4 Rc8 24.hxg5 Ng4 25.Be2 Rc1 0-1

[Event "EU-chT Seniors 07th"]
[Site "Dresden"]
[Date "2005.02.25"]
[Round "8"]
[White "Kristiansen, Erling"]
[Black "Brameyer, Hermann"]
[Result "1/2-1/2"]
[WhiteElo "2267"]
[BlackElo "2272"]
[EventDate "2005.02.18"]
[PlyCount "100"]

1.d4 d5 2.c4 e6 3.Nc3 Be7 4.Nf3 Nf6 5.Bg5 O-O 6.e3 a6 7.cxd5 exd5 8.Qc2 
Nbd7 9.Bd3 Re8 10.O-O Nf8 11.Ne5 c6 12.Rfd1 Nh5 13.Bxe7 Qxe7 14.Na4 f6 15.
Nf3 Bg4 16.Bf5 Bxf3 17.gxf3 g6 18.Bg4 Ng7 19.f4 f5 20.Bf3 Nge6 21.Kh1 Nd7 
22.Rg1 Kh8 23.b4 Rg8 24.Nc5 Ndxc5 25.bxc5 Raf8 26.Rad1 Qh4 27.Rg3 Rg7 28.
Bg2 Qf6 29.Rg1 Kg8 30.Qd2 Kf7 31.Rb1 Ke8 32.Qa5 Rff7 33.Qb6 Qd8 34.Bf3 
Qxb6 35.Rxb6 Rd7 36.Rb1 Kf7 37.h4 Kf6 38.Kg1 h6 39.Kf1 Rde7 40.Rb6 Kf7 41.
Be2 Rc7 42.Bd3 Kf6 43.Ke2 h5 44.Kd2 Nf8 45.Rg1 Nd7 46.Rb3 Nf8 47.Rb4 Ne6 
48.f3 Rge7 49.Re1 Rcd7 50.Reb1 Nd8 1/2-1/2

[Event "EU-chT Seniors 07th"]
[Site "Dresden"]
[Date "2005.02.25"]
[Round "8"]
[White "Lieb, Harald"]
[Black "Taksrud, Vidar"]
[Result "1/2-1/2"]
[WhiteElo "2276"]
[BlackElo "2025"]
[EventDate "2005.02.18"]
[PlyCount "155"]

1.d4 d5 2.c4 c6 3.Nf3 Nf6 4.Nc3 e6 5.e3 Nbd7 6.Bd3 Be7 7.O-O O-O 8.e4 dxc4
9.Bxc4 b5 10.Bd3 b4 11.Na4 Qa5 12.Re1 Ba6 13.Bxa6 Qxa6 14.e5 Nd5 15.Bg5 h6
16.Bxe7 Nxe7 17.a3 Qb5 18.Rc1 Rfd8 19.axb4 Qxb4 20.Qc2 Rab8 21.Re3 Nb6 22.
Nc5 Nf5 23.Rd3 Rbc8 24.Rcd1 Qc4 25.Qd2 Rd5 26.Ne4 Rcd8 27.g4 Ne7 28.Nf6+ 
Kf8 29.Nxd5 Qxd5 30.b3 Qe4 31.h3 Nbd5 32.Ne1 h5 33.f3 Qg6 34.Ng2 hxg4 35.
fxg4 Qh7 36.Rf3 Rd7 37.Rdf1 Ng6 38.Qc2 Rc7 39.Qc5+ Kg8 40.Qd6 Nf8 41.Ne3 
Rd7 42.Qxc6 Nxe3 43.Rxe3 Rxd4 44.Qf3 Rd7 45.Rc1 Qh4 46.Rd1 Qd8 47.Red3 
Rxd3 48.Rxd3 Qc7 49.Qe3 Qa5 50.Rc3 Ng6 51.Rc5 Qa1+ 52.Kh2 Qb2+ 53.Kg3 Qa1 
54.Rc1 Qb2 55.Re1 a5 56.h4 Ne7 57.h5 Nd5 58.Qf3 Qc2 59.Rf1 Qc7 60.Qe4 Qc3+
61.Rf3 Qc1 62.Qe2 Qc7 63.Kh3 Qc1 64.Kh2 Qc7 65.Kg2 Qc1 66.Qf2 Qc7 67.Qe1 
Qc2+ 68.Kh3 Qc7 69.Rf2 Qb6 70.Rf3 Qc7 71.Qa1 Qb6 72.Qa4 Qg1 73.Qe8+ Kh7 
74.Qxf7 Qh1+ 75.Kg3 Qg1+ 76.Kh4 Qh1+ 77.Kg5 Qc1+ 78.Kh4 1/2-1/2

[Event "EU-chT Seniors 07th"]
[Site "Dresden"]
[Date "2005.02.25"]
[Round "8"]
[White "Luetje, Juergen"]
[Black "Morgner, Siegfried"]
[Result "1-0"]
[WhiteElo "2164"]
[BlackElo "1964"]
[EventDate "2005.02.18"]
[PlyCount "47"]

1.e4 g6 2.d4 d6 3.f4 Bg7 4.Nf3 Nd7 5.Be3 c5 6.c3 cxd4 7.cxd4 Ngf6 8.Nc3 
O-O 9.h3 Nh5 10.Bc4 e5 11.fxe5 dxe5 12.d5 Ng3 13.Rg1 Qc7 14.Bb3 a6 15.d6 
Qa5 16.Kf2 Nh5 17.Nd5 Nc5 18.Bc2 Be6 19.b4 Nxe4+ 20.Bxe4 Qa3 21.Bc5 f5 22.
Ne7+ Kh8 23.Bd5 Qb2+ 24.Qd2 1-0

[Event "EU-chT Seniors 07th"]
[Site "Dresden"]
[Date "2005.02.25"]
[Round "8"]
[White "Malich, Burkhard"]
[Black "MacDonald Ross, Michael"]
[Result "1/2-1/2"]
[WhiteElo "2367"]
[BlackElo "2195"]
[EventDate "2005.02.18"]
[PlyCount "95"]

1.d4 d5 2.Nf3 Nf6 3.c4 e6 4.Bg5 Be7 5.Nc3 h6 6.Bh4 O-O 7.e3 b6 8.Rc1 Bb7 
9.Bxf6 Bxf6 10.cxd5 exd5 11.Qb3 c5 12.Be2 Re8 13.O-O Na6 14.Bb5 Re6 15.
dxc5 bxc5 16.Rfd1 Nc7 17.Be2 Rb6 18.Qc2 Bxc3 19.Qxc3 Ne6 20.Rc2 a5 21.Qe5 
Qf8 22.Rcd2 Re8 23.Qc3 Ra8 24.Qa3 a4 25.Ne5 Qe7 26.Nd3 Kf8 27.Bg4 c4 28.
Qxe7+ Kxe7 29.Nc1 Bc6 30.Bf3 Rab8 31.Bxd5 Bxd5 32.Rxd5 Rxb2 33.Rd7+ Kf6 
34.Kf1 Rc2 35.R7d2 Rbb2 36.Rxc2 Rxc2 37.Ne2 Nc5 38.Rc1 Rxa2 39.Rxc4 Ra1+ 
40.Rc1 Rxc1+ 41.Nxc1 Ke5 42.Ke2 Kd5 43.Kd1 Kc4 44.Kc2 a3 45.h4 a2 46.Nxa2 
Nd3 47.Kd2 Nxf2 48.Nc3 1/2-1/2

[Event "EU-chT Seniors 07th"]
[Site "Dresden"]
[Date "2005.02.25"]
[Round "8"]
[White "Mann, Klaus Dieter"]
[Black "Landgraf, Siegfried"]
[Result "1/2-1/2"]
[WhiteElo "2077"]
[BlackElo "2161"]
[EventDate "2005.02.18"]
[PlyCount "29"]

1.e4 g6 2.d4 c6 3.Be3 Bg7 4.Nd2 d6 5.Bd3 Nf6 6.h3 O-O 7.Ngf3 Nbd7 8.O-O 
Qc7 9.Rc1 e5 10.dxe5 dxe5 11.Qe2 Re8 12.c4 Nh5 13.g3 Nf8 14.Kg2 Rd8 15.Bb1
1/2-1/2

[Event "EU-chT Seniors 07th"]
[Site "Dresden"]
[Date "2005.02.25"]
[Round "8"]
[White "Meier, Wolfgang"]
[Black "Wicklund Hansen, Richard"]
[Result "1/2-1/2"]
[WhiteElo "2159"]
[BlackElo "2015"]
[EventDate "2005.02.18"]
[PlyCount "64"]

1.c4 e5 2.Nc3 Nf6 3.g3 c6 4.d4 exd4 5.Qxd4 Be7 6.Bg2 Na6 7.Nf3 O-O 8.O-O 
Nc7 9.e4 d6 10.b3 h6 11.Bb2 Ne6 12.Qd2 Nc5 13.Nd4 Re8 14.b4 Ne6 15.Nf5 Bf8
16.Rad1 Ng5 17.Rfe1 Be6 18.h4 Ngh7 19.Ne3 Ng4 20.Nxg4 Bxg4 21.Rc1 Be6 22.
Ne2 a5 23.a3 axb4 24.axb4 Nf6 25.Nf4 Bg4 26.Qc3 Nh5 27.Nxh5 Bxh5 28.Ra1 
Qd7 29.Kh2 f6 30.f3 Bf7 31.Bh3 Be6 32.Rf1 Qf7 1/2-1/2

[Event "EU-chT Seniors 07th"]
[Site "Dresden"]
[Date "2005.02.25"]
[Round "8"]
[White "Montell Zabay, Albert"]
[Black "Franz, Joachim"]
[Result "1/2-1/2"]
[WhiteElo "2121"]
[BlackElo "2209"]
[EventDate "2005.02.18"]
[PlyCount "65"]

1.e4 e6 2.d4 d5 3.Nc3 Bb4 4.e5 c5 5.a3 Bxc3+ 6.bxc3 Ne7 7.Nf3 Bd7 8.Bd3 c4
9.Bf1 Ba4 10.h4 Nbc6 11.h5 h6 12.g3 Qa5 13.Bd2 O-O-O 14.Nh4 Rdf8 15.Bh3 
Kb8 16.Qg4 Rhg8 17.Kd1 Qd8 18.f4 Qc8 19.f5 exf5 20.Nxf5 Nxf5 21.Qxf5 Qxf5 
22.Bxf5 Nd8 23.Bf4 Ne6 24.Kd2 Kc7 25.Rae1 Bd7 26.Bxe6 fxe6 27.Ke3 Rf7 28.
Ref1 Rgf8 29.Rf2 Ba4 30.Rhf1 Be8 31.g4 Ba4 32.Kd2 Kd7 33.Be3 1/2-1/2

[Event "EU-chT Seniors 07th"]
[Site "Dresden"]
[Date "2005.02.25"]
[Round "8"]
[White "Mueckan, Friedbert"]
[Black "Hentzschel, Erhard"]
[Result "0-1"]
[WhiteElo "2051"]
[BlackElo "1995"]
[EventDate "2005.02.18"]
[PlyCount "60"]

1.e4 e5 2.Nf3 Nc6 3.Bc4 d6 4.d4 exd4 5.Nxd4 Bd7 6.Be3 Ne5 7.Be2 Nf6 8.Nc3 
Be7 9.f3 a6 10.Qd2 O-O 11.g4 c5 12.Nf5 Bxf5 13.gxf5 Qa5 14.Rg1 Rfd8 15.Bh6
g6 16.f4 Nc6 17.fxg6 fxg6 18.Bc4+ Kh8 19.Rd1 Nd4 20.Kf2 b5 21.Bd5 Ra7 22.
f5 Nxd5 23.Nxd5 Bh4+ 24.Kg2 Qxd2+ 25.Rxd2 gxf5 26.c3 Rg8+ 27.Kh1 Rxg1+ 28.
Kxg1 Nf3+ 29.Kg2 Nxd2 30.Bxd2 fxe4 0-1

[Event "EU-chT Seniors 07th"]
[Site "Dresden"]
[Date "2005.02.25"]
[Round "8"]
[White "Mueller, Siegmar"]
[Black "Schenk, Manfred"]
[Result "0-1"]
[WhiteElo "2089"]
[BlackElo "2177"]
[EventDate "2005.02.18"]
[PlyCount "126"]

1.Nc3 c5 2.e4 d6 3.f4 Nc6 4.Nf3 g6 5.Bb5 Bg7 6.O-O Nh6 7.d3 O-O 8.Bd2 e6 
9.a4 d5 10.Bxc6 bxc6 11.Qc1 f5 12.e5 a5 13.Qe1 Rf7 14.b3 Bf8 15.h3 Be7 16.
Ng5 Rg7 17.Nf3 Qc7 18.Ne2 Bd7 19.d4 cxd4 20.Nexd4 Qb6 21.Be3 c5 22.Ne2 Rf7
23.Ng5 Rff8 24.Nf3 Rfc8 25.Qd2 Bc6 26.Bf2 Rab8 27.Kh1 Bb7 28.Nc3 Nf7 29.
Rfd1 Bd8 30.Nb5 Bc6 31.c4 d4 32.Be1 Qb7 33.Qe2 Be4 34.Nd2 Ra8 35.Nxe4 Qxe4
36.Qf3 Be7 37.Bd2 g5 38.Qxe4 fxe4 39.g3 e3 40.Be1 Nh6 41.Kg2 gxf4 42.gxf4 
Nf5 43.Kf3 Kf7 44.Ke4 Rg8 45.Nc7 Rae8 46.Nb5 Bd8 47.Na7 Re7 48.Nb5 Rd7 49.
Rd3 h5 50.Rad1 Rg2 51.Nd6+ Nxd6+ 52.exd6 Rh2 53.h4 Rh3 54.Rb1 Rxd6 55.Bf2 
Bxh4 56.Bxh4 Rxh4 57.Re1 Rb6 58.Ke5 Rg4 59.Rf1 Ke7 60.Re1 Rb8 61.Rh1 h4 
62.f5 exf5 63.Kxf5 Rbg8 0-1

[Event "EU-chT Seniors 07th"]
[Site "Dresden"]
[Date "2005.02.25"]
[Round "8"]
[White "Mueller Using, Detlev"]
[Black "Hampel, Johannes"]
[Result "1-0"]
[WhiteElo "2062"]
[BlackElo "2188"]
[EventDate "2005.02.18"]
[PlyCount "117"]

1.d4 d5 2.c4 Nc6 3.Nc3 Nf6 4.Nf3 Bg4 5.cxd5 Nxd5 6.e4 Nxc3 7.bxc3 e5 8.d5 
Ne7 9.Qa4+ Bd7 10.Qb3 Ng6 11.Qxb7 Bc5 12.Qb3 Rb8 13.Qc2 O-O 14.Bd3 Nh4 15.
Nxh4 Qxh4 16.O-O Rb6 17.Be3 Rg6 18.g3 Bd6 19.f3 Qh3 20.Qg2 Qh5 21.Qe2 a5 
22.Rab1 f5 23.Rb2 f4 24.Bf2 Rh6 25.Be1 Bc5+ 26.Kh1 Bh3 27.g4 Qg5 28.c4 Rb6
29.Rb5 Bxf1 30.Qxf1 Rxb5 31.cxb5 Bb6 32.a4 Qe7 33.Kg2 h5 34.h3 Rf6 35.g5 
Rf8 36.h4 Qc5 37.Bf2 Qb4 38.Qc1 Qxa4 39.Bxb6 cxb6 40.Qc6 Qa2+ 41.Kg1 Qa1+ 
42.Bf1 Qd4+ 43.Kg2 a4 44.g6 Qc5 45.Qe6+ Kh8 46.Qxe5 Rc8 47.Qxh5+ Kg8 48.
Qh7+ Kf8 49.Qh8+ Ke7 50.Qxg7+ Kd8 51.Qg8+ Kc7 52.Qxc8+ Kxc8 53.g7 a3 54.
g8=Q+ Kb7 55.Qf7+ Kc8 56.d6 Qxd6 57.Bc4 Qd2+ 58.Kh3 Kd8 59.Qd5+ 1-0

[Event "EU-chT Seniors 07th"]
[Site "Dresden"]
[Date "2005.02.25"]
[Round "8"]
[White "Opl, Klaus"]
[Black "Thiessen, Klaus Hinrich"]
[Result "1-0"]
[WhiteElo "2324"]
[BlackElo "2237"]
[EventDate "2005.02.18"]
[PlyCount "69"]

1.e4 c5 2.Nc3 d6 3.f4 Nc6 4.Nf3 e6 5.Bb5 Ne7 6.d4 cxd4 7.Nxd4 a6 8.Be2 
Nxd4 9.Qxd4 Nc6 10.Qf2 Be7 11.Be3 b5 12.O-O-O Bd7 13.Kb1 Qc7 14.Bf3 Rb8 
15.Qg3 O-O 16.e5 Rfc8 17.exd6 Bxd6 18.Ne4 Be7 19.Bc5 Be8 20.Nd6 Rd8 21.
Nxe8 Rxe8 22.Bxc6 Qxc6 23.Bd4 Bf8 24.Rd2 Red8 25.Rhd1 Rd5 26.f5 Rc8 27.a4 
Rxf5 28.Bxg7 h6 29.Bxh6+ Kh7 30.Bxf8 Rxf8 31.Rd4 Rh5 32.Rh4 Qc5 33.Rdd4 
Rg8 34.Qf3 Rxh4 35.Qxf7+ 1-0

[Event "EU-chT Seniors 07th"]
[Site "Dresden"]
[Date "2005.02.25"]
[Round "8"]
[White "Perk, Egbert"]
[Black "Schroeter, Helmut"]
[Result "1-0"]
[WhiteElo "1980"]
[BlackElo "1969"]
[EventDate "2005.02.18"]
[PlyCount "59"]

1.d4 Nf6 2.c4 e6 3.Nf3 Be7 4.Nc3 O-O 5.e4 c5 6.Be2 cxd4 7.Nxd4 Nc6 8.O-O 
a6 9.a3 d5 10.exd5 exd5 11.cxd5 Nxd5 12.Nxd5 Qxd5 13.Nxc6 Qxc6 14.Bf3 Qc7 
15.Be3 Rb8 16.Rc1 Qd6 17.Bc5 Qxd1 18.Rfxd1 Bxc5 19.Rxc5 Be6 20.h3 b6 21.
Rc6 Rfc8 22.Rxc8+ Rxc8 23.Bb7 Rb8 24.Bxa6 Kf8 25.Bb5 Ke7 26.Rd2 Rc8 27.Kh2
Rc5 28.a4 Bc4 29.b4 Rc7 30.Rc2 1-0

[Event "EU-chT Seniors 07th"]
[Site "Dresden"]
[Date "2005.02.25"]
[Round "8"]
[White "Pipitone, Antonio"]
[Black "Reinholz, Siegfried"]
[Result "1/2-1/2"]
[WhiteElo "2054"]
[BlackElo "2098"]
[EventDate "2005.02.18"]
[PlyCount "61"]

1.e4 e5 2.Nf3 Nc6 3.Bb5 Nf6 4.O-O Nxe4 5.d4 Nd6 6.Bxc6 dxc6 7.dxe5 Nf5 8.
Qe2 Nd4 9.Nxd4 Qxd4 10.c3 Qg4 11.f3 Bc5+ 12.Be3 Bxe3+ 13.Qxe3 Qg6 14.Nd2 
Bf5 15.f4 O-O 16.Nf3 b6 17.Rad1 Rad8 18.Nd4 c5 19.Nf3 Bg4 20.h3 Bxf3 21.
Qxf3 Qe6 22.b3 f6 23.Qb7 Rxd1 24.Rxd1 fxe5 25.Qxc7 exf4 26.Qxa7 Qe3+ 27.
Kh1 f3 28.Qb7 Qe2 29.Qd5+ Rf7 30.Qd8+ Rf8 31.Qd5+ 1/2-1/2

[Event "EU-chT Seniors 07th"]
[Site "Dresden"]
[Date "2005.02.25"]
[Round "8"]
[White "Potthammel, Joerg"]
[Black "Ehlert, Joachim"]
[Result "1/2-1/2"]
[WhiteElo "2104"]
[BlackElo "2031"]
[EventDate "2005.02.18"]
[PlyCount "28"]

1.e4 c5 2.Nf3 e6 3.d4 cxd4 4.Nxd4 a6 5.Bd3 Nc6 6.Nxc6 bxc6 7.O-O Nf6 8.Nd2
Be7 9.e5 Nd5 10.Ne4 f5 11.Nd6+ Bxd6 12.exd6 O-O 13.c4 Nf6 14.Bf4 c5 
1/2-1/2

[Event "EU-chT Seniors 07th"]
[Site "Dresden"]
[Date "2005.02.25"]
[Round "8"]
[White "Richardson, Keith B"]
[Black "Uhlmann, Wolfgang"]
[Result "1/2-1/2"]
[WhiteElo "2222"]
[BlackElo "2420"]
[EventDate "2005.02.18"]
[PlyCount "73"]

1.e4 e6 2.d4 d5 3.e5 c5 4.c3 Nc6 5.Nf3 Qb6 6.Be2 cxd4 7.cxd4 Nh6 8.Nc3 Nf5
9.Na4 Bb4+ 10.Bd2 Qa5 11.Bc3 Bd7 12.a3 Bxc3+ 13.Nxc3 O-O 14.O-O f6 15.exf6
Rxf6 16.Bb5 Qb6 17.Bxc6 Bxc6 18.Qd2 Nd6 19.Ne5 Nc4 20.Nxc4 dxc4 21.Rad1 
Rg6 22.f3 Rd8 23.Qf2 Rf6 24.Rfe1 Rf4 25.Ne4 Bxe4 26.Rxe4 Rxe4 27.fxe4 h6 
28.h3 a6 29.d5 Qd6 30.Qd4 b5 31.Qe3 Qe5 32.Qd4 Qxd4+ 33.Rxd4 exd5 34.exd5 
Kf7 35.Kf2 Kf6 36.Ke3 g5 37.h4 1/2-1/2

[Event "EU-chT Seniors 07th"]
[Site "Dresden"]
[Date "2005.02.25"]
[Round "8"]
[White "Schmidt, Wolfgang3"]
[Black "Rodriguez Vargas, Orestes"]
[Result "0-1"]
[WhiteElo "2317"]
[BlackElo "2439"]
[EventDate "2005.02.18"]
[PlyCount "54"]

1.d4 d5 2.c4 e6 3.Nc3 c5 4.cxd5 cxd4 5.Qa4+ Bd7 6.Qxd4 exd5 7.Qxd5 Nf6 8.
Qb3 Nc6 9.e3 Bc5 10.Nf3 Qe7 11.Be2 O-O-O 12.O-O g5 13.Nd4 Qe5 14.Bf3 h5 
15.Nxc6 Bxc6 16.Bxc6 bxc6 17.Qa4 Kb7 18.Kh1 Ng4 19.f4 gxf4 20.Qxf4 f6 21.
h3 Qe7 22.Ne4 Bb6 23.Ng3 Bc7 24.Nf5 Qc5 25.Qf3 Nh2 26.Qe2 Nxf1 27.Qxf1 
Qxf5 0-1

[Event "EU-chT Seniors 07th"]
[Site "Dresden"]
[Date "2005.02.25"]
[Round "8"]
[White "Schwertel, Johann"]
[Black "Petermann, Harald"]
[Result "1/2-1/2"]
[WhiteElo "2051"]
[BlackElo "1998"]
[EventDate "2005.02.18"]
[PlyCount "38"]

1.d4 Nf6 2.Nf3 d5 3.c4 e6 4.cxd5 exd5 5.Nc3 c6 6.e3 Bd6 7.Bd3 Bg4 8.h3 
Bxf3 9.Qxf3 Nbd7 10.O-O O-O 11.a3 Re8 12.b4 Nf8 13.Bb2 Ne6 14.Na4 Ng5 15.
Qf5 Nge4 16.Bxe4 Nxe4 17.Nc5 Qe7 18.Nxe4 Qxe4 19.Qxe4 Rxe4 1/2-1/2

[Event "EU-chT Seniors 07th"]
[Site "Dresden"]
[Date "2005.02.25"]
[Round "8"]
[White "Shapiro, Yosip"]
[Black "Dorawa, Bernhard"]
[Result "1/2-1/2"]
[WhiteElo "2123"]
[BlackElo "2066"]
[EventDate "2005.02.18"]
[PlyCount "89"]

1.Nf3 Nf6 2.c4 e6 3.g3 b6 4.Bg2 Bb7 5.O-O c5 6.Nc3 Be7 7.d4 cxd4 8.Nb5 a6 
9.Nbxd4 O-O 10.Be3 d6 11.h3 Qc7 12.Rc1 Nbd7 13.b4 Be4 14.Nb3 Rfd8 15.Qd4 
Rac8 16.Rfd1 e5 17.Qb2 Qb8 18.g4 h6 19.Nbd2 Bb7 20.g5 hxg5 21.Bxg5 Nf8 22.
e4 Ne6 23.Bxf6 Bxf6 24.Re1 Nf4 25.Qb3 g6 26.Rcd1 Kg7 27.Nh2 Rh8 28.Re3 
Nxg2 29.Kxg2 Bg5 30.Re2 f5 31.Ndf3 Be7 32.exf5 gxf5 33.Rg1 Kf6 34.Kf1 Qc7 
35.Qe3 Rcg8 36.Rxg8 Rxg8 37.Qh6+ Rg6 38.Qh8+ Rg7 39.Qh4+ Kf7 40.Qh5+ Kf6 
41.Nh4 Bc8 42.Qh6+ Kf7 43.Qh5+ Kf6 44.Qh6+ Kf7 45.Qh5+ 1/2-1/2

[Event "EU-chT Seniors 07th"]
[Site "Dresden"]
[Date "2005.02.25"]
[Round "8"]
[White "Simmchen, Werner"]
[Black "Kverndal, Leif"]
[Result "1-0"]
[WhiteElo "2125"]
[BlackElo "1948"]
[EventDate "2005.02.18"]
[PlyCount "61"]

1.d4 Nf6 2.Nc3 d5 3.Bg5 e6 4.e4 dxe4 5.Nxe4 Be7 6.Bxf6 Bxf6 7.c3 O-O 8.f4 
Nd7 9.Bd3 g6 10.Qe2 b6 11.O-O-O Bb7 12.Nf3 Rc8 13.Rhe1 Bxe4 14.Bxe4 Qe7 
15.Bb7 Rcd8 16.Ba6 Nb8 17.Bc4 c6 18.g4 b5 19.Bb3 a5 20.g5 Bg7 21.h4 b4 22.
c4 Qa7 23.c5 Na6 24.h5 Nc7 25.hxg6 hxg6 26.Qh2 Rfe8 27.Ne5 Bxe5 28.fxe5 a4
29.Qh6 Rxd4 30.Rxd4 axb3 31.Rh4 1-0

[Event "EU-chT Seniors 07th"]
[Site "Dresden"]
[Date "2005.02.25"]
[Round "8"]
[White "Strand, Karl W"]
[Black "Schwier, Manfred"]
[Result "1/2-1/2"]
[WhiteElo "1838"]
[BlackElo "2142"]
[EventDate "2005.02.18"]
[PlyCount "27"]

1.e4 d5 2.exd5 Qxd5 3.Nc3 Qa5 4.d4 Nf6 5.Bc4 c6 6.Bb3 Bf5 7.Nf3 e6 8.O-O 
Nbd7 9.Bf4 Be7 10.Re1 Kf8 11.Qe2 h6 12.Bd2 Qc7 13.Ne5 Nxe5 14.dxe5 1/2-1/2

[Event "EU-chT Seniors 07th"]
[Site "Dresden"]
[Date "2005.02.25"]
[Round "8"]
[White "Titz, Heimo"]
[Black "Golcman, Evgeny"]
[Result "1-0"]
[WhiteElo "2176"]
[BlackElo "2336"]
[EventDate "2005.02.18"]
[PlyCount "69"]

1.c4 Nf6 2.Nc3 g6 3.e4 d6 4.d4 Bg7 5.Nf3 O-O 6.Be2 c6 7.O-O Nbd7 8.Be3 e5 
9.Qc2 Re8 10.Rad1 Qc7 11.Rfe1 exd4 12.Nxd4 Nc5 13.f3 Bd7 14.Nb3 Nxb3 15.
axb3 Be6 16.Qd2 Bf8 17.Rc1 Nd7 18.Na4 Nc5 19.Qc2 a5 20.f4 b6 21.Nxc5 bxc5 
22.Bd3 Bg7 23.f5 Bd7 24.Bd2 Bd4+ 25.Kh1 Re5 26.Bc3 Qb6 27.Bxd4 cxd4 28.Qf2
c5 29.Rf1 Rf8 30.Qh4 Qd8 31.f6 Kh8 32.g4 g5 33.Qh5 Bc6 34.Rce1 Rg8 35.Qxf7
1-0

[Event "EU-chT Seniors 07th"]
[Site "Dresden"]
[Date "2005.02.25"]
[Round "8"]
[White "Turikov, Viktor"]
[Black "Baumgartner, Heinz"]
[Result "1-0"]
[WhiteElo "2351"]
[BlackElo "2338"]
[EventDate "2005.02.18"]
[PlyCount "101"]

1.e3 d5 2.Nf3 Nf6 3.b3 g6 4.Bb2 Bg7 5.Be2 Nbd7 6.O-O O-O 7.c4 c6 8.Nc3 
dxc4 9.bxc4 e5 10.Qc2 Re8 11.d3 Qa5 12.Nd2 Nc5 13.Nb3 Nxb3 14.axb3 Qc7 15.
b4 Bd7 16.Qb3 a6 17.Rfc1 Be6 18.Qa4 h5 19.Bf1 Kh7 20.Nb1 Ng4 21.e4 f5 22.
Nd2 Bh6 23.Rd1 Rf8 24.Nf3 fxe4 25.dxe4 Rxf3 26.gxf3 Nxh2 27.Bg2 Bf4 28.Bc1
Qf7 29.Rd6 Re8 30.Qd1 Bc8 31.Rd8 Rxd8 32.Qxd8 Be6 33.Bxf4 Qxf4 34.Qe7+ Bf7
35.Ra3 h4 36.Qd7 Kg7 37.Re3 g5 38.Qf5 g4 39.fxg4 Nxg4 40.Qxf4 exf4 41.Rf3 
Ne5 42.Rxf4 Ng6 43.Rg4 Be6 44.Rg5 Bxc4 45.f4 Kh6 46.Rf5 Kg7 47.e5 h3 48.
Be4 Bf7 49.Kh2 Be8 50.Rf6 Ne7 51.Re6 1-0

[Event "EU-chT Seniors 07th"]
[Site "Dresden"]
[Date "2005.02.25"]
[Round "8"]
[White "Vager, Boris"]
[Black "Winiwarter, Felix"]
[Result "1/2-1/2"]
[WhiteElo "2248"]
[BlackElo "2204"]
[EventDate "2005.02.18"]
[PlyCount "86"]

1.d4 Nf6 2.Nf3 b6 3.Bf4 Bb7 4.e3 g6 5.Nbd2 Bg7 6.h3 O-O 7.Bd3 d6 8.O-O 
Nbd7 9.Qe2 a5 10.Bh2 e6 11.c3 Qe7 12.Rfe1 e5 13.dxe5 dxe5 14.e4 Nh5 15.Bc4
Kh8 16.Rad1 Rfd8 17.Bd5 c6 18.Bb3 Nc5 19.Nc4 a4 20.Bc2 Rxd1 21.Qxd1 Nf4 
22.Bxf4 exf4 23.Nxb6 Rd8 24.Qc1 a3 25.b4 Nd3 26.Bxd3 Rxd3 27.Na4 Rxf3 28.
gxf3 Qg5+ 29.Kh2 Qh4 30.Re2 Bc8 31.Qf1 Be6 32.Qa1 Bxa2 33.Qxa2 Qd8 34.Qc4 
Kg8 35.Qxc6 Qd3 36.Kg2 Qxe2 37.Nc5 Bxc3 38.e5 Bd4 39.Ne4 Qb2 40.e6 fxe6 
41.Qe8+ Kg7 42.Qe7+ Kg8 43.Qe8+ Kg7 1/2-1/2

[Event "EU-chT Seniors 07th"]
[Site "Dresden"]
[Date "2005.02.25"]
[Round "8"]
[White "Vucenovic, Dragomir"]
[Black "Alexandria, Nana"]
[Result "1/2-1/2"]
[WhiteElo "2277"]
[BlackElo "2336"]
[EventDate "2005.02.18"]
[PlyCount "108"]

1.d4 Nf6 2.Nf3 b6 3.g3 Bb7 4.Bg2 g6 5.O-O Bg7 6.c4 O-O 7.Nc3 Ne4 8.Nxe4 
Bxe4 9.Ne1 Bxg2 10.Nxg2 c5 11.Be3 d6 12.Rb1 Nc6 13.d5 Ne5 14.Qc2 Qc7 15.h3
a6 16.b3 b5 17.a3 bxc4 18.bxc4 Rfb8 19.f4 Nd7 20.Kh2 Ra7 21.Rxb8+ Qxb8 22.
Rb1 Rb7 23.Rxb7 Qxb7 24.Qa4 h5 25.Bg1 Bd4 26.e3 Ba1 27.e4 Nf6 28.Qd1 Bc3 
29.Qd3 Qb2 30.Be3 Nd7 31.e5 dxe5 32.f5 Bd4 33.fxg6 Bxe3 34.gxf7+ Kxf7 35.
Qxe3 Qd4 36.Qe2 Nf6 37.a4 Ke8 38.a5 Kd7 39.Qf1 Qe4 40.Qc1 Qe2 41.Qc3 Ke8 
42.Qb3 Kf7 43.Qc3 Ne8 44.Qc1 Nf6 45.Qc3 e4 46.Qc1 Ke8 47.Qc3 Qd3 48.Qc1 
Qe2 49.Qc3 Qa2 50.Kh1 Qb1+ 51.Kh2 Qb4 52.Qe5 Qxa5 53.Qe6 Qd2 54.Qxa6 Qd4 
1/2-1/2

[Event "EU-chT Seniors 07th"]
[Site "Dresden"]
[Date "2005.02.25"]
[Round "8"]
[White "Walter, Guenter"]
[Black "Stavenhagen, Johannes"]
[Result "1/2-1/2"]
[WhiteElo "2271"]
[BlackElo "1848"]
[EventDate "2005.02.18"]
[PlyCount "109"]

1.e4 d6 2.d4 g6 3.Be3 Bg7 4.c3 Nd7 5.Nf3 Ngf6 6.Bd3 O-O 7.h3 Re8 8.Nbd2 e5
9.O-O h6 10.Rc1 a6 11.Bb1 b6 12.b4 Bb7 13.d5 Nf8 14.c4 a5 15.a3 axb4 16.
axb4 c5 17.Qb3 Qd7 18.Bc2 g5 19.Nh2 Ng6 20.Bd1 Nf4 21.Ng4 Nh7 22.f3 h5 23.
Nf2 Bf6 24.Rb1 Bc8 25.Re1 Kg7 26.Nf1 Rh8 27.Ng3 Nf8 28.Nf5+ Kg8 29.Bc2 Qd8
30.bxc5 bxc5 31.Qb6 Bxf5 32.exf5 Ra2 33.Bd1 Qd7 34.Qb3 Ra8 35.Bc2 h4 36.
Ng4 Kg7 37.Be4 Nh7 38.Qb5 Qd8 39.Qc6 Be7 40.Rb7 Ra2 41.Bxf4 gxf4 42.Reb1 
Nf6 43.Rc7 Nxg4 44.fxg4 Rf8 45.Rbb7 f3 46.Bxf3 Bg5 47.Rb1 e4 48.Bxe4 Qf6 
49.Bf3 Qd4+ 50.Kh1 Bf4 51.Qd7 Ra1 52.Rb7 Rxb1+ 53.Rxb1 Be5 54.f6+ Bxf6 55.
Qf5 1/2-1/2

[Event "EU-chT Seniors 07th"]
[Site "Dresden"]
[Date "2005.02.25"]
[Round "8"]
[White "Weinwurm, Wolfgang"]
[Black "Kahn, Peter"]
[Result "1-0"]
[WhiteElo "2126"]
[BlackElo "2130"]
[EventDate "2005.02.18"]
[PlyCount "107"]

1.e4 e5 2.f4 Bc5 3.Nf3 d6 4.Nc3 Nf6 5.Bc4 Nc6 6.d3 a6 7.Rf1 exf4 8.Bxf4 
Na5 9.a3 Nxc4 10.dxc4 Be6 11.Qd3 Qe7 12.Bg5 h6 13.Bh4 O-O-O 14.O-O-O Rhg8 
15.Nd4 g5 16.Bg3 Nh5 17.Nf5 Bxf5 18.Rxf5 Rde8 19.Qf3 g4 20.Qd3 Ng7 21.Nd5 
Qxe4 22.Rxf7 Qxd3 23.cxd3 Be3+ 24.Kb1 Bg5 25.Rxc7+ Kb8 26.Rf1 Ne6 27.Rd7 
Rd8 28.Rxd6 Rxd6 29.Bxd6+ Ka7 30.Rf7 Rd8 31.Be7 Bxe7 32.Rxe7 Nc5 33.Kc2 
Rf8 34.Re2 h5 35.d4 Nd7 36.Kd3 Nb8 37.b4 Nc6 38.a4 h4 39.b5 Nd8 40.bxa6 
Kxa6 41.Re8 h3 42.gxh3 Rxe8 43.Nc7+ Ka5 44.Nxe8 gxh3 45.d5 Kxa4 46.Nd6 Kb4
47.Kd4 b6 48.Ne4 Nb7 49.d6 Nd8 50.Kd5 Kb3 51.d7 Kc2 52.Ng5 Kd3 53.Nxh3 Ke3
54.Ng5 1-0